000 00502nam a2200121Ia 4500
008 220620s9999||||xx |||||||||||||| ||und||
100 _aPimbert, Michel P.
245 0 _aChapter 1 Constructing knowledge for food sovereignty, agroecology and biocultural diversity
_ban overview
546 _aEnglish[eng]
650 _aenvironment and society||agriculture and food||environmental sociology
856 _uhttps://library.oapen.org/bitstream/20.500.12657/40148/1/9781138955356_oachapter1.pdf
942 _cEB
999 _c23825
_d23825